00862 2200337 4500001002100000005001700021008004100038020002200079035002400101040001200125082001000137084001600147100001800163245005400181250001100235260003100246300002700277650001800304700001000322850001200332990001800344990001800362990001800380990001800398990001800416990001800434990001800452990001800470990001800488990001800506INLIS00000000002194620160811085131.0  a978-602-1306-68-0 0010-081600000000303 aYOPDYOG a649.1 a649.1 Jok @ aJoko Dwinanto a@Tentang Anakc/ Joko Dwinanto; Penyunting, Fiore aCet. 1 aJakartabNoura BookSc2014 axvi, 227 hlm.;c20 cm. aMengasuh Anak aFiore aYOPDYOG a12779-KS/B.16 a12780-KS/B.16 a12781-KS/B.16 a12782-KS/B.16 a12783-KS/B.16 a12784-KS/B.16 a12785-KS/B.16 a12786-KS/B.16 a12787-KS/B.16 a12788-KS/B.16